Generálny zákon o zavedení eura

Dňa 10. mája 2007 bol zverejnený a predložený na medzirezortné pripomienkové konanie návrh zákona o zavedení euro v Slovenskej republike a o zmene a doplnení niektorých zákonov. Cieľom tohto zákona, skrátene označovaného ako generálny zákon o zavedení eura na Slovensku, je vytvoriť všeobecné právne...

Ausführliche Beschreibung

Gespeichert in:
Bibliographische Detailangaben
1. Verfasser: Hrčka, Štefan
Format: Buchkapitel
Sprache:Slowakisch
Schlagworte:
Tags: Tag hinzufügen
Keine Tags, Fügen Sie das erste Tag hinzu!

MARC

LEADER 00000naa$a2200000$$$4500
001 0057593
005 20231116083353.3
041 0 |a slo 
044 |a SK 
245 1 0 |a Generálny zákon o zavedení eura  |c Štefan Hrčka 
520 |a Dňa 10. mája 2007 bol zverejnený a predložený na medzirezortné pripomienkové konanie návrh zákona o zavedení euro v Slovenskej republike a o zmene a doplnení niektorých zákonov. Cieľom tohto zákona, skrátene označovaného ako generálny zákon o zavedení eura na Slovensku, je vytvoriť všeobecné právne predpoklady v SR na bezproblémové a úspešné zavedenie eura a začlenenie SR do eurozóny. 
610 2 0 |a eurozóna 
610 2 0 |a euro 
610 2 0 |a Slovensko 
610 2 0 |a Európska menová únia 
610 2 0 |a legislatíva 
100 1 |a Hrčka, Štefan